[Event "RSA-chB (Women)"]
[Site "Cape Town"]
[Date "2019.12.14"]
[Round "6"]
[White "Yacoob, Ameera Nazley"]
[Black "Ellman, Anne Belle"]
[Result "1/2-1/2"]
[WhiteElo "1053"]
[BlackElo "1049"]
[PlyCount "68"]
[EventDate "2019.12.07"]
[EventType "tourn"]
[EventRounds "6"]
[EventCountry "RSA"]
[SourceTitle "CBM 193 Extra"]
[Source "ChessBase"]
[SourceDate "2020.01.31"]
[SourceVersion "1"]
[SourceVersionDate "2020.01.31"]
[SourceQuality "1"]

1. e4 e5 2. Nf3 Nc6 3. d4 d5 4. Nxe5 dxe4 5. Nxc6 bxc6 6. Bc4 c5 7. d5 h6 8. Nc3 Nf6 9. 0-0 Bd6 10. h3 Be5 11. Bd2 Qd6 12. Re1 Bf5 13. Bb5+ Bd7 14. Bxd7+ Qxd7 15. Nxe4 Nxe4 16. Rxe4 Qxd5 17. Re1 0-0 18. Bc3 Qxd1 19. Raxd1 Bxc3 20. bxc3 Rab8 21. Rb1 Rb6 22. Rxb6 axb6 23. Re7 Ra8 24. Rxc7 Rxa2 25. Rb7 Rxc2 26. Rxb6 Rxc3 27. Rc6 Rc2 28. Kf1 c4 29. Ke1 c3 30. g4 Rc1+ 31. Ke2 Rc2+ 32. Ke1 Rc1+ 33. Ke2 Rc2+ 34. Ke1 Rc1+ 1/2-1/2